[Event "Quenza op 12th"]
[Site "Quenza"]
[Date "2023.07.23"]
[Round "7"]
[White "Deladerriere, Apollo"]
[Black "Geronimi, Jean Thomas"]
[Result "1-0"]
[WhiteElo "1797"]
[BlackElo "1978"]
[PlyCount "57"]
[EventDate "2023.07.23"]
[EventType "swiss"]
[EventRounds "9"]
[EventCountry "FRA"]
[SourceTitle "CBM 215 Extra"]
[Source "ChessBase"]
[SourceDate "2023.09.30"]
[SourceVersion "1"]
[SourceVersionDate "2023.09.30"]
[SourceQuality "1"]

1. e4 c5 2. Nf3 d6 3. d4 cxd4 4. Qxd4 Nc6 5. Bb5 Bd7 6. Bxc6 Bxc6 7. Nc3 Nf6 8. Bg5 e6 9. 0-0-0 Be7 10. Rhe1 Qc7 11. Kb1 0-0-0 12. Qxa7 h6 13. Bh4 g5 14. Bg3 Nd7 15. Nd4 Qb6 16. Ncb5 Bxb5 17. Qxb6 Nxb6 18. Nxb5 e5 19. f3 Kd7 20. Bxe5 Kc6 21. Nd4+ Kc5 22. Bxh8 Rxh8 23. Nf5 Bf8 24. Re3 Kc6 25. Rc3+ Kd7 26. Rcd3 Ke6 27. Nxd6 Be7 28. Nf5 Bc5 29. Rd6+ 1-0

[Event "Bastia op"]
[Site "Bastia"]
[Date "2023.07.09"]
[Round "2"]
[White "Carnicelli, Valerio"]
[Black "Geronimi, Jean Thomas"]
[Result "1-0"]
[WhiteElo "2344"]
[BlackElo "1978"]
[PlyCount "121"]
[EventDate "2023.07.09"]
[EventType "swiss"]
[EventRounds "9"]
[EventCountry "FRA"]
[SourceTitle "CBM 215 Extra"]
[Source "ChessBase"]
[SourceDate "2023.09.30"]
[SourceVersion "1"]
[SourceVersionDate "2023.09.30"]
[SourceQuality "1"]

1. b3 e5 2. Bb2 Nc6 3. e3 a6 4. c4 g6 5. Nf3 Bg7 6. d4 exd4 7. Nxd4 Nxd4 8. Bxd4 Nf6 9. Be2 0-0 10. 0-0 d6 11. Bf3 Qe7 12. Nc3 c6 13. Qd2 Be6 14. Rad1 Rad8 15. e4 Bg4 16. Bxg4 Nxg4 17. Bxg7 Kxg7 18. Qd4+ Qe5 19. h3 Nf6 20. Qxe5 dxe5 21. f3 Nh5 22. Kf2 Nf4 23. h4 Ne6 24. Ke3 Nd4 25. Rd2 f5 26. Rfd1 f4+ 27. Kf2 Ne6 28. Rd7+ Rxd7 29. Rxd7+ Rf7 30. Rd6 Kf6 31. b4 Ke7 32. c5 Rf8 33. Na4 Rd8 34. Nb6 Nf8 35. Rxd8 Kxd8 36. g3 fxg3+ 37. Kxg3 Ke7 38. Kg4 Kf6 39. a4 h5+ 40. Kg3 g5 41. Nc4 Ng6 42. hxg5+ Kxg5 43. Nd6 h4+ 44. Kh2 Kf4 45. Nxb7 Kxf3 46. Nd6 Ne7 47. Kh3 Ke2 48. Kxh4 Kd3 49. Kg5 Kc3 50. Kf6 Ng8+ 51. Kxe5 Kxb4 52. Nb7 Kxa4 53. Kd6 Kb5 54. e5 Nh6 55. e6 Nf5+ 56. Kd7 Ng7 57. e7 a5 58. Nd6+ Kxc5 59. Nf5 Nh5 60. Ke6 Nf4+ 61. Kf7 1-0

[Event "FRA-ch U12/16"]
[Site "Agen"]
[Date "2023.04.30"]
[Round "9"]
[White "Maxence, Paul"]
[Black "Geronimi, Jean Thomas"]
[Result "0-1"]
[WhiteElo "1664"]
[BlackElo "1991"]
[PlyCount "58"]
[EventDate "2023.04.23"]
[EventType "swiss"]
[EventRounds "9"]
[EventCountry "FRA"]
[SourceTitle "CBM 214 Extra"]
[Source "ChessBase"]
[SourceDate "2023.07.31"]
[SourceVersion "1"]
[SourceVersionDate "2023.07.31"]
[SourceQuality "1"]

1. d4 f5 2. c4 Nf6 3. Nc3 d6 4. Bg5 Nbd7 5. Qc2 g6 6. e4 fxe4 7. Nxe4 Bg7 8. Bd3 0-0 9. Nf3 Qe8 10. 0-0 Nxe4 11. Bxe4 Nf6 12. Rfe1 Qf7 13. Bd5 e6 14. Be4 c6 15. c5 d5 16. Ne5 Qc7 17. Bd3 Nd7 18. f4 Nxe5 19. fxe5 b6 20. Rac1 Bb7 21. b4 a5 22. a3 axb4 23. axb4 b5 24. Ra1 Rxa1 25. Rxa1 Bxe5 26. Be3 Bxh2+ 27. Kh1 Bf4 28. Re1 Bg3 29. Ra1 Qe7 0-1

[Event "FRA-ch U12/16"]
[Site "Agen"]
[Date "2023.04.28"]
[Round "7"]
[White "Plaidit, Hugo"]
[Black "Geronimi, Jean Thomas"]
[Result "0-1"]
[WhiteElo "1893"]
[BlackElo "1991"]
[PlyCount "94"]
[EventDate "2023.04.23"]
[EventType "swiss"]
[EventRounds "9"]
[EventCountry "FRA"]
[SourceTitle "CBM 214 Extra"]
[Source "ChessBase"]
[SourceDate "2023.07.31"]
[SourceVersion "1"]
[SourceVersionDate "2023.07.31"]
[SourceQuality "1"]

1. e4 c5 2. Nf3 d6 3. Bb5+ Nd7 4. a4 Ngf6 5. Nc3 a6 6. Be2 g6 7. 0-0 b6 8. d4 Bb7 9. e5 dxe5 10. dxe5 Ng4 11. e6 Nde5 12. Nxe5 Nxe5 13. f4 Qxd1 14. Rxd1 Nc6 15. Nd5 0-0-0 16. Be3 Nd4 17. Nxb6+ Kc7 18. Bxd4 Rxd4 19. Rxd4 cxd4 20. Nc4 fxe6 21. Rd1 Bg7 22. Ne5 Bxe5 23. fxe5 Rd8 24. c3 dxc3 25. bxc3 Rxd1+ 26. Bxd1 Kb6 27. Kf2 Kc5 28. Bb3 Bd5 29. Bd1 a5 30. Be2 Bc4 31. Bd1 Kd5 32. Ke3 Kxe5 33. g3 Kd6 34. Kd4 Ba2 35. Bc2 e5+ 36. Ke3 Kd5 37. h4 Kc4 38. Kd2 Bb3 39. Bd3+ Kc5 40. Bb5 Bd5 41. Bd3 e4 42. Bc2 Kc4 43. Bd1 e3+ 44. Kc2 Be4+ 45. Kb2 Kd3 46. Kc1 e2 47. Bc2+ Kxc3 0-1

[Event "FRA-ch Blitz Online Qual"]
[Site "Europe Echecs INT"]
[Date "2020.05.16"]
[Round "14"]
[White "Geronimi, Jean Thomas"]
[Black "Ernst, Luca"]
[Result "1-0"]
[WhiteElo "1827"]
[BlackElo "1660"]
[PlyCount "111"]
[EventDate "2020.05.16"]
[EventType "swiss (blitz)"]
[EventRounds "15"]
[EventCountry "FRA"]
[SourceTitle "CBM 196 Extra"]
[Source "ChessBase"]
[SourceDate "2020.07.31"]
[SourceVersion "1"]
[SourceVersionDate "2020.07.31"]
[SourceQuality "1"]

1. e4 c5 2. Nf3 Nc6 3. d4 cxd4 4. Nxd4 e5 5. Nb5 d6 6. N1c3 a6 7. Na3 b5 8. Nd5 Nge7 9. Bg5 h6 10. Bxb5 axb5 11. Nxb5 Qa5+ 12. b4 Nxb4 13. Ndc7+ Kd8 14. Bxe7+ Bxe7 15. c3 Nc6 16. Nxa8 Qxb5 17. Qb3 Qxb3 18. axb3 Be6 19. Nb6 Kc7 20. Nd5+ Bxd5 21. exd5 Nb8 22. 0-0 Nd7 23. b4 Rc8 24. Rfd1 Kd8 25. Ra3 Nb6 26. Rb3 Nc4 27. b5 Kc7 28. Rb4 Kb7 29. Rb3 f5 30. Kf1 Bf6 31. Ke2 g5 32. b6 Bd8 33. Ra1 Bxb6 34. Ra4 Rc5 35. Rbb4 Na5 36. c4 Kc7 37. Rb5 Rxb5 38. cxb5 Kd7 39. f3 Kc7 40. g3 Kb7 41. h4 Bd8 42. hxg5 hxg5 43. g4 f4 44. Kd3 Kb6 45. Ke4 Be7 46. Kf5 Nb7 47. Ra6+ Kc7 48. Rc6+ Kd7 49. b6 Nc5 50. Rc7+ Kd8 51. Ra7 Kc8 52. Rxe7 Nd7 53. b7+ Kxb7 54. Rxd7+ Kb6 55. Rxd6+ Kc5 56. Kxe5 1-0

[Event "FRA-ch Blitz Online Qual"]
[Site "Europe Echecs INT"]
[Date "2020.05.16"]
[Round "10"]
[White "Geronimi, Jean Thomas"]
[Black "Fournier, Loic"]
[Result "1-0"]
[WhiteElo "1827"]
[BlackElo "2116"]
[PlyCount "61"]
[EventDate "2020.05.16"]
[EventType "swiss (blitz)"]
[EventRounds "15"]
[EventCountry "FRA"]
[SourceTitle "CBM 196 Extra"]
[Source "ChessBase"]
[SourceDate "2020.07.31"]
[SourceVersion "1"]
[SourceVersionDate "2020.07.31"]
[SourceQuality "1"]

1. e4 c5 2. Nf3 Nc6 3. d4 cxd4 4. Nxd4 g6 5. c4 Bg7 6. Be3 Nf6 7. Nc3 0-0 8. Be2 d6 9. 0-0 Bd7 10. f4 Nxd4 11. Bxd4 Bc6 12. Rc1 Nd7 13. Bxg7 Kxg7 14. b3 Nc5 15. b4 Ne6 16. Kh1 b6 17. f5 Ng5 18. h4 h6 19. hxg5 hxg5 20. fxg6 Rh8+ 21. Kg1 f6 22. Nd5 Rh6 23. b5 Bb7 24. Bh5 Qh8 25. g4 Qd8 26. Rf2 Rc8 27. Qd4 Qd7 28. Rxf6 e5 29. Qf2 Bxd5 30. exd5 Rxh5 31. Rf7+ 1-0

[Event "EU-ch U08 27th"]
[Site "Mamaia"]
[Date "2017.09.05"]
[Round "1"]
[White "Geronimi, Jean Thomas"]
[Black "Toktomushev, Teimur"]
[Result "0-1"]
[WhiteElo "1545"]
[BlackElo "1079"]
[PlyCount "32"]
[EventDate "2017.09.05"]
[EventType "swiss"]
[EventRounds "9"]
[EventCountry "ROU"]
[SourceTitle "CBM 180 Extra"]
[Source "ChessBase"]
[SourceDate "2017.10.06"]
[SourceVersion "1"]
[SourceVersionDate "2017.10.06"]
[SourceQuality "1"]

1. e4 c5 2. Nc3 a6 3. a4 Nc6 4. f4 e6 5. Nf3 d5 6. exd5 exd5 7. d4 c4 8. Be2 Nf6 9. 0-0 Bb4 10. Re1 0-0 11. Ne5 Ne4 12. Nxc6 bxc6 13. Bd2 Nxd2 14. Qxd2 c5 15. Kh1 Bf5 16. Bf3 Ra7 0-1